00675nam a2200241 a 4500001001300000003000900013005001700022008004100039020001000080082001300090100002400103245003900127260005100166300000800217500003500225505001300260650001300273700002400286902000800310942000700318952009300325999001500418nice12345678IN_TiNIC20260116011838.0050524s1949 ahma grp 000 0 eng  ac10000a230bDON aDonaldson, Dwight M aForty Question Asked of Christians aAhmadnagar, DeccanbS.P.G. Mission Pressc1949 a18p aincludes index and biblioraphy2 aAppendix aTheology1 aDonaldson, Dwight M bSRS cBK 00104070aHMIbHMId2007-06-22g100.00l0o230 DONp5842r2007-06-22w2026-01-16yARB c4395d4395